Yanabi-Ul-mawddah (Record no. 14594)

MARC details
000 -LEADER
fixed length control field 00570nam a2200229 a 4500
020 ## - INTERNATIONAL STANDARD BOOK NUMBER
ISBN
082 00 - DEWEY DECIMAL CLASSIFICATION NUMBER
Classification number 297.1248
Author Cutter BAL
100 ## - MAIN ENTRY--AUTHOR NAME
Author name Balkhi, Shaikh Sulaiman Husaini
245 ## - TITLE STATEMENT
Title Yanabi-Ul-mawddah
260 ## - PUBLICATION, DISTRIBUTION, ETC. (IMPRINT)
Place of publication Lucknow
Name of publisher Nizami Press
Year of publication 2002
300 ## - PHYSICAL DESCRIPTION
Number of Pages 816p
500 ## - GENERAL NOTE
General note includes index and biblioraphy
650 ## - SUBJECT ADDED ENTRY--TOPICAL TERM
Topical Term Hadith-Shiah
942 ## - ADDED ENTRY ELEMENTS (KOHA)
Koha item type Books
700 1# -
-- Balkhi, Shaikh Sulaiman Husaini
Holdings
Collection code Home library Current library Date acquired Cost, normal purchase price Full call number Accession Number Koha item type
  Henry Martyn Institute Library Henry Martyn Institute Library 06/09/2008 300.00 297.1248 BAL 022432 Books
                   Copyright © 2026 | Henry Martyn Institute | Hyderabad | TS-500052 | INDIA | Implemented by hmi.edu.in
Hit-Count:

Powered by Koha